| 000 | 00654nam a22002057a 4500 | ||
|---|---|---|---|
| 003 | OSt | ||
| 005 | 20210218185928.0 | ||
| 008 | 210218b ||||| |||| 00| 0 eng d | ||
| 020 | _a9780803610385 | ||
| 020 | _a9780803610386 | ||
| 040 |
_aPHNSL _cPHNSL |
||
| 100 | _aHopper, Paula D. | ||
| 245 |
_aStudent workbook for understanding medical-surgical nursing / _cPaula D. Hopper and Linda S. Williams. |
||
| 260 |
_aPhiladelphia : _bF.A. Davis, _c2003. |
||
| 300 |
_aix, 360 p. : _bill. |
||
| 650 |
_aMedical-surgical nursing _vNursing process _xNursing care |
||
| 650 |
_aEvidence-based nursing _vNursing |
||
| 700 | _aWilliams, Linda S. | ||
| 942 |
_2lcc _cBK |
||
| 999 |
_c458 _d458 |
||